000 00797cam a22002653a 4500
001 3744
003 PGUSA
005 20140828083037.0
008 030201s2003||||xxu|||||s|||||000 1 eng d
040 _aPGUSA
_beng
042 _adc
050 4 _aPR
100 1 _aYonge, Charlotte M.
_q(Charlotte Mary),
_d1823-1901
245 1 4 _aThe Trial; Or, More Links of the Daisy Chain
_h[electronic resource] /
_cCharlotte M. Yonge
260 _bProject Gutenberg,
_c2003
506 _aPublic domain in the USA.
516 _aElectronic text
653 _aDomestic fiction
653 _aTrials (Murder) -- Fiction
653 _aEngland -- Fiction
653 _aEnglish fiction -- 19th century
830 0 _aProject Gutenberg
_v3744
856 4 0 _uhttp://www.gutenberg.org/ebooks/3744
942 _cEB
999 _c233073
_d233073